FUNDAMENTALS OF NEUROPSYCHOLOGY (Record no. 9193)

MARC details
000 -LEADER
fixed length control field 00281nam a22001337a 4500
003 - CONTROL NUMBER IDENTIFIER
control field SGT
082 ## - DEWEY DECIMAL CLASSIFICATION NUMBER
Classification number 152, F11S
100 ## - MAIN ENTRY--PERSONAL NAME
Personal name SNIGH, AK
245 ## - TITLE STATEMENT
Title FUNDAMENTALS OF NEUROPSYCHOLOGY
260 ## - PUBLICATION, DISTRIBUTION, ETC. (IMPRINT)
Place of publication, distribution, etc DELHI
Name of publisher, distributor, etc MOTILAL
Year of Publication 2011
300 ## - PAGE DESCRIPTION
No. of Pages 415
650 ## - SUBJECT ADDED ENTRY--TOPICAL TERM
Topical term or geographic name as entry element PSYCHOLOGY
942 ## - ADDED ENTRY ELEMENTS (KOHA)
Source of classification or shelving scheme Dewey Decimal Classification
Koha item type Books
Holdings
Withdrawn status Lost status Source of classification or shelving scheme Damaged status Not for loan Collection code Home library Current library Shelving location Date acquired Vendor Name Cost, normal purchase price SGTU Bill Number Total Checkouts Full call number Accession No. (Barcode) Date last seen Date last borrowed Bill Date Koha item type
    Dewey Decimal Classification     MEDICAL SGT Medical Library SGT Medical Library Text Book 23/06/2016 AHUJA BOOK COMPANY 215.00 SGTU 5978 1 152, F11S FM7580 03/04/2018 08/01/2018 14/08/2015 Books